Central Library OPAC University of Rajshahi

A hundred years of archaeology / (Record no. 11144)

MARC details
000 -LEADER
fixed length control field 00750cam a22002531 4500
001 - CONTROL NUMBER
control field 11144
003 - CONTROL NUMBER IDENTIFIER
rucl marc code BD-RjUL
005 - DATE AND TIME OF LATEST TRANSACTION
control field 20211208235058.0
008 - FIXED-LENGTH DATA ELEMENTS--GENERAL INFORMATION
fixed length control field 140126r19521950enkab b 001 0 eng d
035 ## - SYSTEM CONTROL NUMBER
System control number (BD-RjUL)11193
System control number (OCoLC)4531416
040 ## - CATALOGING SOURCE
Original cataloging agency DLC
Transcribing agency MiRochOU
Modifying agency Uk
-- DLC
-- (BD-RjUL)
Language of cataloging eng
041 ## - LANGUAGE CODE
Language code of text/sound track or separate title eng
082 00 - DEWEY DECIMAL CLASSIFICATION NUMBER
Classification number 571.09
Author mark and year DAH
100 1# - MAIN ENTRY--PERSONAL NAME
Personal name Daniel, Glyn Edmund.
9 (RLIN) 34475
245 12 - TITLE STATEMENT
Title A hundred years of archaeology /
Statement of responsibility, etc. By Glyn Edmund. Daniel,
260 ## - PUBLICATION, DISTRIBUTION, ETC. (IMPRINT)
Place of publication, distribution, etc. London :
Name of publisher, distributor, etc. Duckworth & Co,
Date of publication, distribution, etc. c1950 [Reprent 1952]
300 ## - PHYSICAL DESCRIPTION
Pagination 343 p. :
Illustrations ill. ;
Size 22 cm.
504 ## - BIBLIOGRAPHY, ETC. NOTE
Bibliography, etc Bibliography: p. 337-341.
650 #0 - SUBJECT ADDED ENTRY--TOPICAL TERM
Topical term or geographic name as entry element Archaeology
General subdivision History.
9 (RLIN) 34476
942 ## - ADDED ENTRY ELEMENTS (KOHA)
Source of classification or shelving scheme Dewey Decimal Classification
Koha item type Books
Holdings
Lost status Source of classification or shelving scheme Damaged status Not for loan Collection code Permanent Location Current Location Shelving location Date acquired Source of acquisition Cost, normal purchase price Total Checkouts Full call number Date last seen Copy number Koha item type
  Dewey Decimal Classification   Not For Loan Non-fiction Central Library, University of Rajshahi Central Library, University of Rajshahi Reading Room 02/04/1957 Simpkin Marshall 1.10   571.09 DAH 1952 26/01/2014 C-1 Books
  Dewey Decimal Classification     Non-fiction Central Library, University of Rajshahi Central Library, University of Rajshahi   18/10/1962 Zeetlinger 21.00   571.09 DAH 1952 21/05/2017 C-2 Books